=LDR 00000nam 2200000 4500 =001 INLIS000000000054404 =005 20200123010331 =035 ##$$a 0010-0120000182 =007 ta =008 200123###########################0#ind## =020 ##$$a 978-602-5508-13-4 =082 ##$$a 92(Abdul) =084 ##$$a 92(Abdul) ARI u =100 #$$a Arina Makarimal Fasya =245 1#$$a Ustaz abdul somad : $b Ustaz yang memberi pencerahan jutaan umat /$c Arina Makarimal Fasya =260 ##$$a Jakarta :$b Meluana,$c 2018 =300 ##$$a viii, 244 hlm. : $b ilus. ; $c 20 Cm. =504 ##$$a Bib : hlm 273-140 =600 #4$$a Biografi =990 ##$$a 07340734 =990 ##$$a 07340734 =990 ##$$a 07340734 =990 ##$$a 07340734 =990 ##$$a 61900852 =990 ##$$a 6202000734 =990 ##$$a 6202000735 =990 ##$$a 6202000736 =990 ##$$a 61900853 =990 ##$$a 6202000734 =990 ##$$a 6202000735 =990 ##$$a 61900852 =990 ##$$a 61900854 =990 ##$$a 6202000734 =990 ##$$a 61900853 =990 ##$$a 61900852 =990 ##$$a 61900855 =990 ##$$a 61900854 =990 ##$$a 61900853 =990 ##$$a 61900852 =990 ##$$a 61900852 =990 ##$$a 61900855 =990 ##$$a 61900854 =990 ##$$a 61900853 =990 ##$$a 61900853 =990 ##$$a 61900855 =990 ##$$a 61900854 =990 ##$$a 61900852 =990 ##$$a 61900854 =990 ##$$a 61900855 =990 ##$$a 61900853 =990 ##$$a 61900852 =990 ##$$a 61900855 =990 ##$$a 61900854 =990 ##$$a 61900853 =990 ##$$a 61900852